| 000 | 00530nam a2200169 i 4500 | ||
|---|---|---|---|
| 001 | 23634 | ||
| 003 | ES-MaACL | ||
| 005 | 20230906152916.0 | ||
| 007 | t| | ||
| 008 | 021211s1977 sp ||||1| spa d | ||
| 245 | 0 | 0 |
_aDe la ambigüedad al compromiso / _cJ. Mª Castillo... [et al.]. |
| 260 |
_aMadrid : _bInstituto Teológico de Vida Religiosa, _c1977. |
||
| 300 |
_a144 p. ; _c20 cm. |
||
| 700 | 1 |
_aCastillo, J. María. _936694 |
|
| 710 | 2 |
_aInstituto Teológico de Vida Religiosa. _95244 |
|
| 852 |
_aES-MaACL _jA-6754 _bR.95949 |
||
| 999 |
_c23634 _d23634 |
||